000
00339nam a2200145Ia 4500
008
090122s9999 xx 000 0 und d
082
_b
8213
_a
O111 : B
100
_a
ENID
_b
BLYTON
245
_a
THE FAMOUS FIVE (1)
600
_a
ENID
630
_a
THE FAMOUS FIVE (1)
700
_a
ENID
730
_a
THE FAMOUS FIVE (1)
942
_c
BOOK
999
_c
32290
_d
32290